000 00814nam a22002057a 4500
003 OSt
005 20250211160948.0
008 241004b |||||||| |||| 00| 0 eng d
040 _c0
100 _aGallardo, Unique.
_eauthor.
_962294
245 _aTaxpayers satisfaction on the bureau of internal revenue (BIR) services /
_cUnique Gallardo, Rcahelle Lausa, Maria Pricilla Robles, and Jess Anthony N. Casagan.
260 _aPhilippines ;
_bUniversity of Mindanao,
_c2022.
300 _avolume 14, pages 44-66,
_billustration.
500 _aResearch Journal, v. 14, iss. 1, pages 44-66, 2022.
700 _aGallardo, Unique.
_957461
700 _aLausa, Rcahelle.
_eauthor.
_964979
700 _aRobles, Maria Pricilla.
_eauthor.
_964980
700 _aCasagan, Jess Anthony N.
_eauthor.
_964981
942 _2ddc
_cPER
999 _c22235
_d22235